Латинско-русский и русско-латинский словарь

Dettagli Bibliografici
Altri autori: Подосинов А.В. Александр Васильевич (редактор)
Riassunto:Издание состоит из Латинско-русского(ок. 13 тыс. слов) и Русско-латинского (ок. 15 тыс. слов) словарей. Латинско-русский словарь содержит наиболее употребительную лексику латинского языка как античного, так и средневекового периода, что позволяет использовать его для чтения практически любой латиноязычной литературы. В Русско-латинский словарь также включены понятия не только античной и средневековой латыни, но и Нового времени и современности. Поэтому будет полезен и тем, кто изучает язык Цезаря и Цицерона, Петрарки и Фомы Аквинского, и тем, кто пытается создавать свои латинские тексты. Для гимназистов и студентов вузов, изучающих латинский язык, для лингвистов и всех интересующихся древними и современнымиязыками.
Lingua:russo
latino
Pubblicazione: Москва, Флинта, 2009
Edizione:4-е изд.
Soggetti:
Natura: MixedMaterials Libro
KOHA link:https://koha.lib.tpu.ru/cgi-bin/koha/opac-detail.pl?biblionumber=153595

MARC

LEADER 00000nam0a2200000 4500
001 153595
005 20231101221713.0
010 |a 9785893493122  |b (Флинта) (в пер.)  |b 3000 экз.  |b (Наука) 
010 |a 978-5-02-022563-3 
021 |a RU  |b 08-99699  |9 08-5858 
035 |a (RuTPU)RU\TPU\book\166625 
090 |a 153595 
100 |a 20090224d2009 m y0rusy5002 ca 
101 0 |a rus  |a lat 
102 |a RU 
105 |a y e 000yy 
200 1 |a Латинско-русский и русско-латинский словарь  |f под ред. А.В. Подосинова 
205 |a 4-е изд. 
210 |a Москва  |c Флинта  |c Наука  |d 2009 
215 |a 740 с. 
330 |a Издание состоит из Латинско-русского(ок. 13 тыс. слов) и Русско-латинского (ок. 15 тыс. слов) словарей. Латинско-русский словарь содержит наиболее употребительную лексику латинского языка как античного, так и средневекового периода, что позволяет использовать его для чтения практически любой латиноязычной литературы. В Русско-латинский словарь также включены понятия не только античной и средневековой латыни, но и Нового времени и современности. Поэтому будет полезен и тем, кто изучает язык Цезаря и Цицерона, Петрарки и Фомы Аквинского, и тем, кто пытается создавать свои латинские тексты. Для гимназистов и студентов вузов, изучающих латинский язык, для лингвистов и всех интересующихся древними и современнымиязыками. 
606 1 |a Латинский язык  |2 stltpush  |3 (RuTPU)RU\TPU\subj\39876  |9 59775 
610 1 |a лексика 
610 1 |a словари 
610 1 |a параллельные словари 
686 |a Ш146-4  |v LBC/SL-A  |2 rubbk 
702 1 |a Подосинов  |b А.В.  |g Александр Васильевич  |4 340 
801 1 |a RU  |b 63413507  |c 20090213  |g PSBO 
801 2 |a RU  |b 63413507  |c 20130425  |g PSBO 
942 |c BK 
959 |a 25/20090211  |d 1  |e 0  |f ЧЗИЛ:1